Responses for show #2895 - Friday, March 14, 1997

Contestants

Liz Klausky, a registered nurse from Port Orange, Florida

Seth McElvaney, a graduate student from Raleigh, North Carolina

John Hammond, a marketing director originally from New Orleans, Louisiana (whose 1-day cash winnings total $4,400)

Jeopardy! Round responses

AUTHORS
ANNUAL EVENTS
FAMOUS NAMES
HISTORY
FACIAL HAIR
"HARRY" MOVIES
    $100 6
Margaret Mitchell

John
    $100 19
Sheep

John
    $100 1
Fidel Castro

John
    $100 10
Christopher Columbus

Liz
    $100 5
Uncle Sam

Liz
    $100 8
Dirty Harry

John
    $200 11
Vladimir Nabokov

John
    $200 22
Bahamas

Liz
    $200 2
Billy Graham

Liz
    $200 14
Monaco

Liz
    $200 21
Eyebrows

Seth
    $200 9
Harry And The Hendersons

Seth
    $300 15
Vaclav Havel

Seth
    $300 24
(J: What is Holland?)

Belgium

JohnSeth
    $300 3
Spiro Agnew

John
    $300 16
Santa Anna

Seth
    $300 27
Goatee

John
    $300 12
Harry And Tonto

John
    $400 20
Job

Seth
    $400 25
Minnesota

Liz
    $400 4
(J: Who is....(time)?)

Cybill Shepherd

JohnSeth
    $400 17
Morocco

Seth
    $400 28
Walrus

Liz
    $400 13
When Harry Met Sally...

Seth
    $500 23
John Mortimer

Triple Stumper
    $500 26
Hinduism

Liz
    $500 7
Wolfgang Puck

John
    $1,000 18
Iraq or Syria

Seth
    $500 29
(J: What is Bat Masterson?)

Fu Manchu

JohnLiz
    $500 30
The Trouble With Harry

John

Scores at the first commercial break (after clue 15):

John Seth Liz
$1,200 $1,300 $600

Scores at the end of the Jeopardy! Round:

John Seth Liz
$1,300 $3,900 $2,600

Double Jeopardy! Round responses

ONE-WOMAN SHOWS
PEOPLE & PLACES
ART & ARTISTS
HEALTH & FITNESS
CIVIL WAR GENERALS
3-LETTER WORDS
    $200 11
Emily Dickinson

John
    $200 2
Aussie

John
    $200 1
Andy Warhol

Seth
    $200 7
(L: What is polyunsaturated fat?)

Saturated fat

JohnLiz
    $200 21
Stonewall Jackson

John
    $200 12
Rim

John
    $400 22
(J: Who is Vanessa Redgrave?)

Lynn Redgrave

JohnLiz
    $400 4
Genoa

Seth
    $400 3
Versailles

Seth
    $400 17
(J: What is exercise?)
(Alex: The nurse got that one!)

Elevation

JohnLiz
    $400 24
Abraham Lincoln

John
    $400 13
Aft

John
    $600 23
Pat

Seth
    $600 5
Greece

Seth
    $600 8
Florence

John
    $600 18
Oil of cloves

Triple Stumper
    $600 26
Robert E. Lee

Seth
    $600 14
Pip

John
    $800 25
Whoopi Goldberg

Seth
    $800 6
Manchester

Liz
    $800 9
Claude Monet

Liz
    $800 19
Tetanus

Seth
    $800 27
(J: Who is Burnside?)

Joseph Hooker

John
Triple Stumper
    $800 15
Sec

Liz
    $1000 28
Lily Tomlin

John
    $1,000 20
Poland

Seth
    $1,000 10
(L: Who is Gainesborough?)

John Constable

Liz
    $1000 29
Shiatsu

Liz
    $1000 30
George Meade

Triple Stumper
    $1000 16
Ort

Liz

Scores at the end of the Double Jeopardy! Round:

John Seth Liz
$3,700 $9,300 $6,600

[wagering suggestions for these scores]

Final Jeopardy! Round responses

ADVERTISING
JohnWhat is Alka Seltzer?
$1,700
LizWhat is Alka-Seltzer?
$0
SethWhat is Pepto Bismol
$3,901
Alka-Seltzer

Final scores:

John Seth Liz
$5,400 $5,399 $6,600
2nd place: Trip to U.S. Space Camp's "Aviation Challenge" 3rd place: Hobie Float Cat Catamarand New champion: $6,600

Game dynamics:

Coryat scores:

John Seth Liz
$3,700 $8,800 $7,600
20 R,
6 W
19 R
(including 2 DDs),
0 W
16 R,
2 W
(including 1 DD)

Combined Coryat: $20,100

The J! Archive is created by fans, for fans. The Jeopardy! game show and all elements thereof, including but not limited to copyright and trademark thereto, are the property of Jeopardy Productions, Inc. and are protected under law. This website is not affiliated with, sponsored by, or operated by Jeopardy Productions, Inc. Join the discussion at JBoard.tv.